000 00362nam a2200133Ia 4500
005 20260328104307.0
008 260328s9999||||xx |||||||||||||| ||und||
100 _aRuffino, Elisa
245 0 _aTeen Art Park :
_b A Place For Artistic Expression /
_cElisa Ruffino
260 _b‎ Art Center College of Design
300 _a76 p.
650 _aARTE
942 _cBK
999 _c10797
_d10797